header

Practical guide to microbial polyhydroxyalkanoates (Record no. 103286)

MARC details
000 -LEADER
fixed length control field 01227nam a2200313 a 4500
100 1# - MAIN ENTRY--AUTHOR NAME
Personal name Kumar, Sudesh.
245 10 - TITLE STATEMENT
Title Practical guide to microbial polyhydroxyalkanoates
260 ## - PUBLICATION, DISTRIBUTION, ETC. (IMPRINT)
Place of publication Shawbury, Shropshire :
Name of publisher iSmithers,
Year of publication 2010.
300 ## - PHYSICAL DESCRIPTION
Number of Pages vii, 149 p. :
Other physical details ill.
650 #0 - SUBJECT ADDED ENTRY--TOPICAL TERM
Topical Term Microbial polymers.
Topical Term Plastics
700 1# - ADDED ENTRY--PERSONAL NAME
Personal name Abe, Hideki,
856 40 - ELECTRONIC LOCATION AND ACCESS
Uniform Resource Identifier http://site.ebrary.com/lib/rucke/Doc?id=10381775

No items available.

© 2026 Rongo University
Contact us: librarian | system librarian | Rongo university